Top 10 des communes de France par lettre - P - Statistiques

Statistiques générales
  • Ce quiz a été pris 151 fois
  • Le résultat moyen est 5 sur 10
Statistiques - réponses
Région Population Commune % Correct
Île-de-France 2.113.705 Paris
99%
Occitanie 120.996 Perpignan
87%
Nouvelle-Aquitaine 78.620 Pau
79%
Nouvelle-Aquitaine 89.472 Poitiers
70%
Île-de-France 40.792 Poissy
46%
Nouvelle-Aquitaine 66.874 Pessac
43%
Île-de-France 60.954 Pantin
39%
Île-de-France 44.198 Puteaux
35%
Île-de-France 36.067 Palaiseau
25%
Île-de-France 38.941 Pontault-Combault
15%
Aucun quiz correspondant
Distribution des résultats
% des personnes avec chaque résultat
Percentile par nombre de réponses
Votre historique - résultats
Vous n’avez pas pris ce quiz